| 000 | 00478nam a22001697a 4500 | ||
|---|---|---|---|
| 999 |
_c129830 _d129830 |
||
| 005 | 20221220104211.0 | ||
| 008 | 221220b ||||| |||| 00| 0 eng d | ||
| 020 | _a9781107669017 | ||
| 040 | _cPK-LaUMT | ||
| 082 |
_a615.854 _bNUT- |
||
| 245 |
_aNutrition in critical care / _cedited by Peter Faber and Mario Siervo |
||
| 260 |
_aCambridge : _bCambridge University Press, _c2014 |
||
| 300 | _a250 p. | ||
| 650 | _aNutrition support | ||
| 650 | _aCritical care | ||
| 942 | _cBK | ||